01044nam a2200313Ia 4500001000700000008004100007020001800048035001600066041001000082084001300092110007100105245008200176260005100258300002100309490003700330650003000367650002800397650002600425650002100451710004700472901000600519903000700525904000800532953003700540999001700577910000900594942001500603952011200618023192221003s2006 xx 000 0 spa d a84-96653-09-9 aCENDO_15165 aspab aCD-06931 aSOLUCION DE CONFLICTOS POR MEDIOS NO JURISDICCIONALESd2006915152 0aSolución de conflictos por medios no jurisdiccionales :bdebate de expertos aMadrid :bFundación Alternativas,cD.L. 2006 a32 p. ;c 30 cm aSeminarios y jornadas ;v26/2006 aARREGLO DE CONFLICTO9762 aCOMPETENCIA LEGAL92055 aDEBATE EN GRUPO92390 aCONFERENCIA9311 aFUNDACION ALTERNATIVAScMadrid,eed.91556 a3 aNO a000 d2006-09-19yMONOGRAFIAoCD-06931 c15164d15164 a2006 cMONOGRAFIA 00104070aCENDObCENDOd2006-09-19l0oCD-06931pCENDO_15165r2022-10-05 00:00:00w2022-10-05yMONOGRAFIA